|
|
|
|
| LEADER |
00000nam0a2200000 4500 |
| 001 |
67535 |
| 005 |
20231101212329.0 |
| 035 |
|
|
|a (RuTPU)RU\TPU\book\71903
|
| 090 |
|
|
|a 67535
|
| 100 |
|
|
|a 20040916d1966 m y0rusy50 ca
|
| 101 |
0 |
|
|a rus
|
| 102 |
|
|
|a RU
|
| 105 |
|
|
|a a j 001zy
|
| 200 |
1 |
|
|a Электронные и полупроводниковые устройства систем автоматического управления
|e учебное пособие
|f М. А. Балашов [и др.]
|g под ред. Е. М. Решетникова
|
| 210 |
|
|
|a Москва
|c Машиностроение
|d 1966
|
| 215 |
|
|
|a 443 с.
|c ил.
|
| 320 |
|
|
|a Библиогр.: с. 436-439
|
| 606 |
1 |
|
|a Автоматические системы управления
|x Электронные устройства
|2 stltpush
|3 (RuTPU)RU\TPU\subj\863
|9 29669
|
| 610 |
1 |
|
|a системы автоматического управления
|
| 610 |
1 |
|
|a электронные устройства
|
| 610 |
1 |
|
|a полупроводниковые устройства
|
| 610 |
1 |
|
|a электровакуумные приборы
|
| 610 |
1 |
|
|a электронные цепи
|
| 610 |
1 |
|
|a расчеты
|
| 610 |
1 |
|
|a усилители переменного тока
|
| 610 |
1 |
|
|a усилители постоянного тока
|
| 610 |
1 |
|
|a преобразователи
|
| 610 |
1 |
|
|a схемы
|
| 610 |
1 |
|
|a учебные пособия
|
| 675 |
|
|
|a 681.527.7(075.8)
|v 3
|
| 701 |
|
1 |
|a Балашов
|b М. А.
|g Михаил Александрович
|
| 701 |
|
1 |
|a Елагин
|b Е. Б.
|g Евгений Борисович
|
| 701 |
|
1 |
|a Конев
|b Ю. И.
|g Юрий Иванович
|
| 701 |
|
1 |
|a Решетников
|b Е. М.
|g Евгений Михайлович
|
| 701 |
|
1 |
|a Удалов
|b Н. П.
|g Николай Петрович
|
| 701 |
|
1 |
|a Ушаков
|b Н. Н.
|g Николай Николаевич
|
| 702 |
|
1 |
|a Решетников
|b Е. М.
|g Евгений Михайлович
|4 340
|
| 801 |
|
1 |
|a RU
|b 63413507
|c 20040916
|g PSBO
|
| 801 |
|
2 |
|a RU
|b 63413507
|c 20220519
|g PSBO
|
| 942 |
|
|
|c BK
|